000 00520nam a2200181 a 4500
005 20140310183544.0
008 110929s19uu xx 00 eng d
020 _a978-0071738637
050 _aPE 1408
_b.P346 2011
100 _aPayne, Mary Ann
245 _aGrant writing :
_bdemystified. /
_cMary Ann Payne
260 _aNew ork :
_bMcGraw-Hill,
_c2011.
300 _a224 p. :
_bill. ;
_c23 cm.
650 _aProposal writing for grants.
650 _aBusiness writing.
942 _cBK
_2lcc
_kFOR
999 _c24854
_d24854